| Tag |
First Indicator |
Second Indicator |
Subfields |
| LEADER |
00000cam a22000004a 4500 |
| 001 |
in00001688621 |
| 005 |
20151024133005.0 |
| 008 |
010920s2002 nyu b 001 0 eng |
| 010 |
|
|
|a 2001046819
|
| 020 |
|
|
|a 047140179X (cloth : alk. paper)
|
| 035 |
|
|
|a (OCoLC)ocm48046287
|
| 040 |
|
|
|a DLC
|c DLC
|d UtOrBLW
|
| 042 |
|
|
|a pcc
|
| 049 |
|
|
|a TXAM
|
| 050 |
0 |
0 |
|a GT3405
|b .H69 2002
|
| 082 |
0 |
0 |
|a 658.4/56
|2 21
|
| 100 |
1 |
|
|a Hoyle, Leonard H.
|
| 245 |
1 |
0 |
|a Event marketing :
|b how to successfully promote events, festivals, conventions, and expositions /
|c Leonard H. Hoyle.
|
| 264 |
|
1 |
|a New York :
|b John Wiley & Sons,
|c [2002]
|
| 264 |
|
4 |
|c ©2002
|
| 300 |
|
|
|a xxiv, 224 pages ;
|c 25 cm.
|
| 336 |
|
|
|a text
|b txt
|2 rdacontent
|
| 337 |
|
|
|a unmediated
|b n
|2 rdamedia
|
| 338 |
|
|
|a volume
|b nc
|2 rdacarrier
|
| 490 |
1 |
|
|a The Wiley event management series
|
| 504 |
|
|
|a Includes bibliographical references (pages 209-215) and index.
|
| 650 |
|
0 |
|a Special events
|x Marketing.
|
| 830 |
|
0 |
|a Wiley event management series.
|
| 945 |
|
|
|i PromptCat
|
| 948 |
|
|
|a cataloged
|b h
|c 2002/6/17
|d c
|e dmitchel
|f 1:44:06 pm
|
| 994 |
|
|
|a 92
|b TXA
|
| 999 |
|
|
|a MARS
|
| 999 |
f |
f |
|s ecb23c2a-d8d0-384a-a655-d9d5f8ac638d
|i d6176351-af15-323d-b73e-4dc60fb50cea
|t 0
|
| 952 |
f |
f |
|p normal
|a Texas A&M University
|b College Station
|c Sterling C. Evans Library
|d Evans: Library Stacks
|t 0
|e GT3405 .H69 2002
|h Library of Congress classification
|i unmediated -- volume
|m A14828970593
|
| 998 |
f |
f |
|a GT3405 .H69 2002
|t 0
|l Evans: Library Stacks
|